000 01000nam a22002177a 4500
003 OSt
005 20260127153434.0
008 230719b ||||| |||| 00| 0 eng d
040 _cSSBUL
041 _ashan
082 _223
_a294.3824
100 0 _aဝိလႃသ၊
_cၸဝ်ႈသြႃႇဢူး။
_928144
245 1 0 _aမူၵျၢမ်းသၢင်းၵျူဝ်ႇၽၢႆႇတႆး ပထမတွႆး -
_bဢၽိထမ်မတ်ႉထသရူပတီပၼီ /
_cၶပ်းၶိုင် - ၸဝ်ႈသြႃႇဢူးဝိလႃသ။
260 _aဝဵင်းသီႇပေႃႉ၊
_bတိူၵ်ႈပူင်ႇၼဵၵ်ႉ လႅင်းပၢင်ႇ မိူင်းတႆး၊
_c1956 ။
300 _a141 ၼႃႈ၊
_c18 ၸိၼ်ႇတီႇ။
500 _aS-SAT: Dr. Prof Sai Aung Tun
650 _aဢၽိထမ်ႇမႃႇ - ပိတၵၢတ်ႈ
_928145
942 _cBK
942 _2ddc
942 _2ddc
999 _c27327
_d27327